00921 2200205 4500001002100000005001500021035002000036008004100056245007900097100002200176250000600198260003800204300001200242084001400254082000800268650001000276520040500286990001200691990001200703INLIS00000000000134720240517074846 a0010-0524000582240517 1 ind 1 a1 Perasaan 3 Logika ( Aku Mencintainya Tanpa Rencana ) /cYurrisa Astriani aAstriani, Yurrisa a1 aYogyakarta :bSheila/ Andi,c2015 a328 hlm a813 YUR p a813 4aFiksi aTiap kamu mau pergi dari sini, jangan lupa tutup pintu. Kunci yang bener. Mau diilangin kuncinya juga boleh, biar aku nggak bisa liat sosok kamu lagi. Kalau pintunya nggak dikunci dibiarin kebuka gitu aja, aku yakin kamu pasti akan keluar masuk seenaknya. WC umum aja harus bayar kalo bolak balik. Kamu nggak perlu bayar pake uang, pake cinta aja udah cukup. Oh, yah. satu lagi. Bayar pake kepastian. a0741536 a0741537